000 00498nam a2200157 i 4500
001 64631
003 ES-MaACL
005 20230906165156.0
007 t|
008 031230s1906 fr ||||1| fre d
100 1 _aForel, Auguste.
_951718
245 1 2 _aL'ame et le système nerveux
_b: hygiène et pathologie /
_cpar Auguste Forel.
260 _aParís :
_bG. Steinhel,
_c1906 (
_eTours :
_fE. Arrault et Cie)
300 _a334 p., 2 lám. ;
_c23 cm.
852 _aES-MaACL
_jR-3146
_x Olim:F-1890
999 _c64631
_d64631